<The> Nexus between systemic risk and sovereign crises
Modelovanie rizika likvidity (Monte Carlo simulácia). Model analýzy efektov štátnej podpory pre finančný sektor. Rozdiel účinnosti stimulov v krátkom a v dlhom období.
Saved in:
| Main Author: | |
|---|---|
| Other Authors: | |
| Format: | Book Chapter |
| Language: | English |
| Subjects: | |
| Tags: |
No Tags, Be the first to tag this record!
|
MARC
| LEADER | 00000naa a2200000 4500 | ||
|---|---|---|---|
| 001 | 0214454 | ||
| 005 | 20231010121143.3 | ||
| 041 | 0 | |a eng | |
| 044 | |a CZ | ||
| 245 | 1 | 0 | |a <The> Nexus between systemic risk and sovereign crises |c Tomáš Klinger, Petr Teplý |
| 520 | |a Modelovanie rizika likvidity (Monte Carlo simulácia). Model analýzy efektov štátnej podpory pre finančný sektor. Rozdiel účinnosti stimulov v krátkom a v dlhom období. | ||
| 610 | 2 | 0 | |a modelovanie |
| 610 | 2 | 0 | |a stabilita finančná |
| 610 | 2 | 0 | |a podpora štátna |
| 610 | 2 | 0 | |a riziko |
| 610 | 2 | 0 | |a vzťahy ekonomické |
| 610 | 2 | 0 | |a vzťahy trhové |
| 610 | 2 | 0 | |a metóda Monte Carlo |
| 100 | 1 | |a Klinger, Tomáš | |
| 700 | 1 | |a Teplý, Petr | |